000
00171 a2200097 4500
020
_a
0717287017
041
_a
eng
100
_a
Walt Disney
245
_a
Dumbo
942
_c
BK
999
_c
31846
_d
31844